00553 2200205 4500001002100000008004100021035002000062245005400082100001900136260004300155300001200198020002200210084001700232082000800249650001200257990001800269990002000287990002000307990002000327INLIS000000000000875 ind  a0010-0724000875 aBencana Alam HidrologibHidrologicP. Heru Susila aP. Heru Susila aJakartabPT. Pustaka Tiga Kelanac2009 a60 hlm. a978-602-8535-46-5 a551.48 HER b a551 aGeologi aP29/CP/24/875 aP29/CP/24/875.1 aP29/CP/24/875.2 aP29/CP/24/875.3